00398pab a2200133 454500008004000000100003500040245007500075260000900150300001300159362001000172650002800182650002000210773003400230180718b2017 xxu||||| |||| 00| 0 eng d aJanakiram, Chandrashekar et al aEquity in oral healthcare in India: a review on health system analysis c2017 ap.82-89. a4 Mar aHealth services - India aHealth services aEconomic and Political Weekly